000 00742nam a2200217Ii 4500
003 JO-AjNU
008 230605s9999||||xx |||||||||||||| ||und||
017 _a2006/9/2649
040 _aJO-AjNU
_bara
_erda
_cJO-AjNU
041 _aara
050 1 4 _aPJ7852.A36.Z84 2007
100 3 _aإعداد القاضي،أروى,
_eauthor
_910992
245 0 0 _aحوارات نادر هدى - الرؤية والإبداع -
250 _aط1
264 3 1 _aإربد:دار الكتاب الثقافي،2007 ؛ إربد:دار المتنبي،2007
300 _a205ص
336 _atext
_btxt
_2rdacontent
337 _aunmediated
_bn
_2rdamedia
338 _avolume
_bnc
_2rdacarrier
650 4 _aالشعر العربي - تحليل ونقد 
_910993
999 _aA2093
_c5661
_d5661